000 00935nas a2200289 4500
001 BR0400229
003 BR-BrBNA
005 20231205104339.0
007 ta
008 230509b bl.|||p| |||| 00| 00por d
040 _aBR-BrBNA
_bpor
_cBiblioteca Nacional de Agricultura
041 _a(Pt)
072 _aL73
100 1 _aKunz, T.L.
100 1 _aGambarini, M.L.
100 1 _aOliveira Filho, B.D.
100 1 _aBrito, W.M.E.D.
100 1 _aOliveira, C.M.G.
245 1 _aVulvovaginite granular em novilhas Nelore púberes e pré-púberes: avaliação das lesões e associação com o Herpesvírus bovino tipo 1
650 _aGADO NELORE
650 _aVULVOVAGINITE
650 _aLESÃO
650 _aHERPESVÍRUS
773 0 _tRevista Brasileira de Reprodução Animal (Brazil)
_xISSN 0102-0803
_g(Jul-Sep 2003), v. 27(3) p. 536-537
_wBR0400229
909 _a202311
_bLúcia
_c55
_dLúcia Elande
942 _2AGRIS
_n0
_cANA
999 _c177684
_d177684